| 000 | 01122nam0a2200313 i 4500 | ||
|---|---|---|---|
| 001 | RU\NLR\bibl\1911186 | ||
| 005 | 20241102092443.0 | ||
| 010 |
_a9785473006995 _9300 |
||
| 021 |
_aRU _b2012-33727 _92510 |
||
| 035 | _a(NLR Aleph) 001900721 | ||
| 090 |
_a3044478 _c3044478 |
||
| 100 | _a20120606d2011 k y0rusy50 ca | ||
| 101 | 0 | _arus | |
| 102 | _aRU | ||
| 105 | _aa ||||||||| | ||
| 200 | 1 |
_aСубдуральные гематомы _eмонография _fГ.В. Недугов |
|
| 210 |
_aСамара _cОфорт _d2011 |
||
| 215 |
_a343 с. _cил. _d22 |
||
| 300 | _aНа 4-й с. обл. авт.: Недугов Г.В. - судебно-мед. эксперт, паталогоанатом, к.м.н. | ||
| 320 | _aБиблиогр.: с. 289-341 (706 назв.) | ||
| 606 |
_aСубдуральные гематомы _91363276 _3RU\NLR\auth\66256217 |
||
| 686 | _aР627.703.2 | ||
| 686 | _aР811.241 | ||
| 700 | 1 |
_aНедугов _bГ. В. _gГерман Владимирович _4070 |
|
| 801 | 0 |
_aRU _bNLR _c20120606 _gRCR |
|
| 801 | 1 |
_aRU _bNLR _c20120606 |
|
| 942 | _cBOOK | ||
| 980 | _aNBR | ||